| 000 | 01739nam a2200397 a 4500 | ||
|---|---|---|---|
| 001 | ebr10422163 | ||
| 003 | CaPaEBR | ||
| 006 | m u | ||
| 007 | cr cn||||||||| | ||
| 008 | 100415s2009 njua sb 111 0beng d | ||
| 010 | _z 2010278407 | ||
| 020 | _z9789814271615 | ||
| 020 | _z9814271616 | ||
| 020 | _z9789814271622 (e-book) | ||
| 040 |
_aCaPaEBR _cCaPaEBR |
||
| 035 | _a(OCoLC)681531223 | ||
| 043 | _aa-ii--- | ||
| 050 | 1 | 4 |
_aQ149.B67 _bS48 2009eb |
| 082 | 0 | 4 |
_a509.2 _222 |
| 100 | 1 | _aSen Gupta, D. P. | |
| 245 | 1 | 0 |
_aRemembering Sir J.C. Bose _h[electronic resource] / _cD.P. Sen Gupta, M.H. Engineer, V.A. Shepherd. |
| 260 |
_aHackensack, N.J. : _bWorld Scientific ; _aBangalore : _bIISc Press, _cc2009. |
||
| 300 |
_aix, 169 p. : _bill. (some col.). |
||
| 500 | _a"This monograph is the outcome of a Symposium that was arranged at the Indian Institute of Science, Bangalore, on November 28, 2008 to celebrate the 150th birth anniversary of Sir J.C. Bose."--P. v. | ||
| 504 | _aIncludes bibliographical references and index. | ||
| 533 |
_aElectronic reproduction. _bPalo Alto, Calif. : _cebrary, _d2013. _nAvailable via World Wide Web. _nAccess may be limited to ebrary affiliated libraries. |
||
| 600 | 1 | 0 |
_aBose, Jagadis Chandra, _cSir, _d1858-1937 _vCongresses. |
| 650 | 0 |
_aScientists _zIndia _vBiography _vCongresses. |
|
| 650 | 0 |
_aBiophysics _zIndia _vCongresses. |
|
| 655 | 7 |
_aElectronic books. _2local |
|
| 700 | 1 |
_aEngineer, M. H. _q(Meher H.) |
|
| 700 | 1 | _aShepherd, Virginia Anne. | |
| 710 | 2 | _aIndian Institute of Science, Bangalore. | |
| 710 | 2 | _aebrary, Inc. | |
| 856 | 4 | 0 |
_uhttp://site.ebrary.com/lib/rucke/Doc?id=10422163 _zAn electronic book accessible through the World Wide Web; click to view |
| 999 |
_c236338 _d236338 |
||